PLASTIC DESIGN AND LIMIT STATES OF STEEL STRUCTURES

Bibliographic Details
Main Author: Mrázik, Augustín (Author)
Format: Article
Language:English

MARC

LEADER 00000nab a2200000uu 4500
001 vtls010895599
003 SK-MaSNL
005 20260303141723.0
008 230222|1975 xo |||||||||||||||||eng|
015 |a SNBRB 
035 |a (urnnbn)urn:nbn:sk:snk:ar-006imy 
035 |a (uuid)b771477d-7f02-4514-82b9-ab6893781301 
035 |a urn:nbn:sk:snk-ab8ogb 
040 |a SNKBUCL  |b slo  |c SNKBUCL  |e AACR2 
041 0 |a eng 
044 |a xo  |c SK 
100 1 |a Mrázik, Augustín  |4 aut  |9 783272 
245 1 0 |a PLASTIC DESIGN AND LIMIT STATES OF STEEL STRUCTURES  |c Augustín Mrázik 
773 0 |t Stavebnícky časopis : mesačník pre teoretické problémy stavebných látok a konštrukcií  |g Roč. 23, č. 9 (1975), s. 667-677 
958 |a OND 
958 |a EUIPO 
958 |a article10 
999 |c 1978162  |d 1980092